| 000 | 01289nam a2200337 a 4500 | ||
|---|---|---|---|
| 001 | 000109352 | ||
| 003 | CHAP | ||
| 005 | 20220329144047.0 | ||
| 008 | 140422s2013 mx sm |||||||spa d | ||
| 010 | _a105814 | ||
| 011 | _a106786 | ||
| 040 | _cCHAP | ||
| 090 | _aTesis | ||
| 100 | 1 |
_aHernández Guzmán, José Manuel _9126512 |
|
| 245 | 1 | 0 |
_aProyecto ejecutivo para la tecnificación de riego en el ejido la Purificación, Texcoco, Estado de México _h[En línea] _cpor José Manuel Hernández Guzmán y Heriberto Hernández Ruiz. |
| 260 |
_aChapingo, Méx. : _bEl autor, _c2013. |
||
| 500 | _aPara ver el contenido del material haga clic en la liga | ||
| 502 | _aTesis (Ing. Agr. Esp. en Irrigación) -- UACH. Departamento Irrigación | ||
| 590 |
_aBATCH-UPD _b10 _c20141002 _lUCH01 _h0901 |
||
| 590 |
_aE11695DGD _b10 _c20140509 _lUCH01 _h1037 |
||
| 590 |
_aE5765TAJ _b05 _c20140422 _lUCH01 _h1323 |
||
| 590 |
_aE5765TAJ _b05 _c20140422 _lUCH01 _h1323 |
||
| 650 | 1 | 4 |
_aIrrigación _xCostos. _960392 |
| 650 | 1 | 4 |
_aIrrigación _xProyectos _xMéxico (Edo.) _960461 |
| 650 | 1 | 4 |
_aSistemas de riego. _9106772 |
| 700 | 1 |
_aHernández Ruiz, Heriberto _9126513 |
|
| 856 |
_aFinding aid _uhttp://10.13.5.2/tesis/sist109352.pdf _zTeclea aquí |
||
| 901 | _aBK | ||
| 942 | _cTESIS | ||
| 942 | _n0 | ||
| 999 |
_c105814 _d105814 |
||